The Strokes Lyrics - You Talk Way Too Much - Statistics

General Stats
  • This quiz has been taken 22 times
  • The average score is 157 of 187
Answer Stats
Lyrics % Correct
a
100%
I
100%
much
100%
much"
100%
talk
100%
to
100%
too
100%
way
100%
You
100%
you
100%
Can't
91%
can't
91%
Give
91%
me
91%
need
91%
of
91%
some
91%
the
91%
time
91%
time,
91%
as
82%
don't
82%
end
82%
end,
82%
fault,
82%
fault
82%
It
82%
it
82%
it's
82%
It's
82%
just
82%
little
82%
my
82%
not?
82%
not
82%
out
82%
said
82%
say
82%
that
82%
We
82%
we're
82%
"You're
82%
'em
73%
He
73%
Is
73%
know
73%
make
73%
Now
73%
they
73%
why
73%
Why
73%
won't
73%
decisions
64%
ends?
64%
good
64%
how
64%
only
64%
stop,
64%
stop
64%
supposed
64%
this
64%
'Cause
55%
says
55%
what
55%
get
45%
Forget
36%
heard
36%
news
36%
hey
27%
taught
9%
No matching quizzes found
Score Distribution
Percent of People with Each Score
Percentile by Number Answered
Your Score History
You have not taken this quiz